| 000 | 00549nam a22001937a 4500 | ||
|---|---|---|---|
| 003 | OSt | ||
| 005 | 20250827012510.0 | ||
| 008 | 250827b |||||||| |||| 00| 0 eng d | ||
| 020 | _a 971-23-0890-1 | ||
| 040 | _cOC | ||
| 082 |
_215TH ED. _aFil. 347.599 G939 1991 |
||
| 100 | _aGUEVARRA , SULPICIO | ||
| 245 |
_aLegal forms annotated / _cGUEVARRA , SULPICIO |
||
| 250 | _a15th ed. | ||
| 260 |
_aManila, Phil. : _bRex Book Store, _cc1991 |
||
| 300 |
_axx, 684 p. : _c23 cm. |
||
| 650 | _2Forms-Phil. | ||
| 942 |
_2ddc _cBK - FIL _e15TH ED. _kFil. _n0 |
||
| 999 |
_c4298 _d4298 |
||